| 000 | 01520cam a22003978i 4500 | ||
|---|---|---|---|
| 001 | 23075709 | ||
| 005 | 20250403143115.0 | ||
| 008 | 230421s2024 mau b 001 0 eng | ||
| 010 | _a 2023019245 | ||
| 020 | _a9780262048965 | ||
| 020 | _z9780262378406 | ||
| 020 | _z9780262378413 | ||
| 041 | _aeng | ||
| 042 | _apcc | ||
| 082 | 0 | 0 | _a658.4092 SPI |
| 100 | 1 | _aSpinosa, Charles, | |
| 245 | 1 | 0 | _aLeadership As Masterpiece Creation: What Business Leaders Can Learn From The Humanities About Moral Risk Taking |
| 260 |
_aLondon _bMIT Press _c2024 |
||
| 263 | _a2402 | ||
| 264 | 1 |
_aCambridge, Massachusetts : _bThe MIT Press, _c[2024] |
|
| 300 | _a276;. pages: 23 cm | ||
| 336 |
_atext _btxt _2rdacontent |
||
| 337 |
_aunmediated _bn _2rdamedia |
||
| 338 |
_avolume _bnc _2rdacarrier |
||
| 504 | _aIncludes bibliographical references and index. | ||
| 520 | _a"An attempt to use the ancient wisdom of the humanities to argue for a moral and aesthetic vision of business leadership"-- | ||
| 650 | 0 | _aLeadership. | |
| 650 | 0 | _aExecutive ability | |
| 650 | 0 | _aCreative ability in business. | |
| 700 | 1 | _aHancocks, Matthew, | |
| 700 | 1 | _aTsoukas, Haridimos, | |
| 776 | 0 | 8 |
_iOnline version: _aSpinosa, Charles. _tLeadership as masterpiece creation _dCambridge, Massachusetts : The MIT Press, [2024] _z9780262378406 _w(DLC) 2023019246 |
| 906 |
_a7 _brip _corignew _d1 _eecip _f20 _gy-gencatlg |
||
| 942 | _cBK | ||
| 999 |
_c43530 _d43530 |
||